JO Paris 2024: Un Athlète Français par sport - Statistiques

Statistiques générales
  • Ce quiz a été pris 2 440 fois
  • Le résultat moyen est 15 sur 44
Statistiques - réponses
Hint Réponse % Correct
Teddy Riner Judo
90%
Léon Marchand Natation
90%
Antoine Dupont Rugby à 7
89%
Félix Lebrun Tennis de Table
89%
Victor Wembanyama Basketball
86%
Alexandre Lacazette Football
80%
Kevin Mayer Athlétisme
73%
Julian Alaphilippe Cyclisme sur Route
71%
Earvin Ngapeth Volleyball
65%
Ugo Humbert Tennis
62%
Pauline Ferrand-Prévot VTT
60%
Danis Civil (B-Boy Dany Dann) Breakdance
52%
Enzo Lefort Escrime
51%
Anthony Jeanjean BMX Freestyle
48%
Estelle Mossely Boxe
47%
Samir Aït Saïd Gymnastique Artistique
42%
Vahiné Fierro Surf
40%
Titouan Castryck Canoë-Kayak (Slalom)
34%
Pierre Le Corre Triathlon
32%
Elodie Clouvel Pentathlon Moderne
28%
Oriane Bertone Escalade
24%
Tamara Horacek Handball
24%
Cyrian Ravet Taekwondo
23%
Hugo Boucheron Aviron
17%
Sébastien Vigier Cyclisme sur Piste
17%
Alexis Jandard Plongeon
17%
Axelle Etienne BMX Racing
16%
Victor Perez Golf
16%
Marie-Eve Paget Basketball 3x3
15%
Charlotte Tremble Natation Artistique
13%
Clémence Vieira Beach Volley
12%
Romain Imadouchène Haltérophilie
10%
Margot Lambert Badminton
9%
Pauline Basquin Equitation
9%
Lucie Schoonheere Skateboard
9%
Manon Hostens Canoë-Kayak (Sprint)
8%
Célia Joseph-Noël Gymnastique Rythmique
7%
Yohanna Lhopital Hockey sur Gazon
7%
Thomas Vernoux Water-Polo
7%
Caroline Lopez Tir à l'Arc
6%
Léa Labrousse Trampoline
6%
Améline Douarre Lutte
4%
Judith Gomez Tir
4%
Clément Péquin Voile
4%
Aucun quiz correspondant
Distribution des résultats
% des personnes avec chaque résultat
Percentile par nombre de réponses
Votre historique - résultats
Vous n’avez pas pris ce quiz